000 00422nam a2200181Ia 4500
001 10988
005 20260306161913.0
008 260306t2001||||xx |||||||||||||| ||spa||
041 _aESP
082 _a985
_bL83
100 _aLohmann, Guillermo [1903-1980]
_eAUT
245 0 _aHistoria de la cultura peruana
260 _c2001
300 _a
_c21 cm.
650 _aGEN
654 _aCHU
942 _cLIB
_dJUS
_fJUS
_2ddc
_n
999 _c10988
_d10988